Colección de jotas navarras [ (Record no. 184660)

MARC details
000 -LEADER
campo de control de longitud fija 00887ncm a2200229 i 4500
001 - NÚMERO DE CONTROL
campo de control 184660
003 - IDENTIFICADOR DE NÚMERO DE CONTROL
campo de control ES-MaACL
005 - FECHA Y HORA DE LA ÚLTIMA TRANSACCIÓN
campo de control 20251118191453.0
007 - CAMPO FIJO DE DESCRIPCIÓN FÍSICA--INFORMACIÓN GENERAL
campo de control de longitud fija qu
008 - DATOS DE LONGITUD FIJA--INFORMACIÓN GENERAL
campo de control de longitud fija 151102s1967 sp ||| |||||||| | spa d
245 00 - MENCIÓN DEL TÍTULO
Título Colección de jotas navarras [
Medio Música impresa] /
Mención de responsabilidad, etc. adaptación y composición musical, José Menéndez de Esteban ; recopilación de letras, Pedro Mª Flamarique ; prólogo, Jaime del Burgo.
260 ## - PUBLICACIÓN, DISTRIBUCIÓN, ETC.
Lugar de publicación, distribución, etc. Pamplona :
Nombre del editor, distribuidor, etc. Diputación Foral de Navarra,
Fecha de publicación, distribución, etc. 1967.
300 ## - DESCRIPCIÓN FÍSICA
Extensión 119 p. ;
Dimensiones 31 cm.
650 #4 - PUNTO DE ACCESO ADICIONAL DE MATERIA--TÉRMINO DE MATERIA
Término de materia o nombre geográfico como elemento de entrada Jotas navarras.
9 (RLIN) 158064
700 1# - ENTRADA AGREGADA--NOMBRE PERSONAL
Nombre de persona Menéndez de Esteban, José,
Fechas asociadas al nombre 1910-1988
9 (RLIN) 158065
700 1# - ENTRADA AGREGADA--NOMBRE PERSONAL
Nombre de persona Burgo, Jaime del,
Fechas asociadas al nombre 1912-2005
9 (RLIN) 32641
700 1# - ENTRADA AGREGADA--NOMBRE PERSONAL
Nombre de persona Flamarique, Pedro María (
Fechas asociadas al nombre 1931-)
9 (RLIN) 158066
710 1# - ENTRADA AGREGADA--NOMBRE DE ENTIDAD CORPORATIVA
Nombre de entidad corporativa o nombre de jurisdicción como elemento de entrada Navarra (Comunidad Autónoma).
Unidad subordinada Diputación Foral.
9 (RLIN) 5984
852 ## - LOCALIZACIÓN
Ubicación ES-MaACL
Número de control de estantería C-33380
942 ## - ELEMENTOS DE ENTRADA SECUNDARIOS (KOHA)
Fuente del sistema de clasificación o colocación Clasificación decimal universal
Holdings
Estatus retirado Estado de pérdida Fuente del sistema de clasificación o colocación Estado de daño No para préstamo Colección Biblioteca de origen Biblioteca actual Ubicación en estantería Fecha de adquisición Total de préstamos Signatura topográfica completa Código de barras Visto por última vez Precio de reemplazo Tipo de ítem Koha
    Clasificación decimal universal     Música impresa Biblioteca del Ateneo de Madrid Biblioteca del Ateneo de Madrid Depósito 2 02/11/2015   C-33380 1194422 23/02/2023 23/02/2023 Libro impreso